000
00308nam a2200121Ia 4500
005
20251222155145.0
008
251222s9999||||xx |||||||||||||| ||spa||
082
_a
ANT.19
100
_a
CASANOVA LENTI Carlos.
245
0
_a
Naturopathy According to Hippocrates
264
_b
Carlos Casanova L.
942
_c
LIB
999
_c
39322
_d
39322